000 00641nam a2200193Ia 4500
005 20250508162609.0
008 008 250505s9999 xx 000 0 eng d
020 _a0-312-04672-3
037 _aTextual
040 _aFEDL
_beng
_cFEDL
041 _aeng
_2eng
084 _a609, ROB
_qFEDL
100 _aRobinson Austin Ed.
245 0 _aAppropriate technologies for third world development: Proceedings of a conference held by the international economic association at Teheran, Iran
260 _aNew York, USA
_bSt. Martin's Press
_c1979
300 _axix,417p.
942 _cTEXL
_h609, ROB
999 _c1377549
_d1377549